00495nam a2200133Ia 4500008004100000100001700041245009300058245007900151260004900230260000900279300001200288650001300300856004800313170221s9999 xx 000 0 und d aXiaotian Zhu aEarnings management through real activities manipulation before mergers and acquisitions cXiaotian Zhu, Credit Suisse Securities; Shuoyi Lu, University of Delaware. bJournal of Management and Marketing Research c2012 a32 : 16 xBusiness uhttp://www.aabri.com/manuscripts/131530.pdf